La enseñanza del derecho aeronáutico (Registro nro. 21758)
[ vista simple ]
| 000 -LEADER | |
|---|---|
| fixed length control field | 00317 a2200109 4500 |
| 001 - CONTROL NUMBER | |
| control field | ART_41958 |
| 005 - DATE AND TIME OF LATEST TRANSACTION | |
| control field | 20260410161814.0 |
| 008 - FIXED-LENGTH DATA ELEMENTS--GENERAL INFORMATION | |
| fixed length control field | 260409a |
| 100 1# - MAIN ENTRY--PERSONAL NAME | |
| Personal name | Capaldo, Griselda |
| 245 10 - TITLE STATEMENT | |
| Title | La enseñanza del derecho aeronáutico |
| 773 0# - HOST ITEM ENTRY | |
| Title | Academia |
| Related parts | - Año 7, Nº 13 (ene./jun. 2009) |
| Record control number | REV4314 |
No hay ítems disponibles.